000
00339nam a2200157Ia 4500
008
210210b1952 xxu||||| |||| 00| 0 eng d
041
_a
eng
082
_a
828/468
100
_a
NORMAN (C)
245
_a
Mr Oddity
260
_a
London
_b
John Murray
_c
1952
650
_a
Oddity
650
_a
Mr
690
_a
Biography
906
_a
016312
999
_c
135801
_d
135801